МЗМ (Запись № 2699652)

Подробности
000 -МАРКЕР
контрольное поле 02878nas1a22003851i 4500
001 - ИДЕНТИФИКАТОР ЗАПИСИ
контрольное поле RU\NLR\INFOCOMM31\1000049368
005 - ИДЕНТИФИКАТОР ВЕРСИИ
контрольное поле 20260406190620.0
035 ## - ДРУГИЕ СИСТЕМНЫЕ НОМЕРА
Идентификатор записи (NLR Aleph) 002513447
100 ## - ДАННЫЕ ОБЩЕЙ ОБРАБОТКИ
Данные общей обработки 20040427b19311937|||y0rusy50 ca
101 0# - ЯЗЫК РЕСУРСА
Язык текста, звукозаписи и т.д. русский
102 ## - СТРАНА ПУБЛИКАЦИИ ИЛИ ПРОИЗВОДСТВА
Страна публикации Российская Федерация
110 ## - ПОЛЕ КОДИРОВАННЫХ ДАННЫХ: ПРОДОЛЖАЮЩИЕСЯ РЕСУРСЫ
Кодированные данные продолжающегося ресурса azu||||0|y0
200 1# - ЗАГЛАВИЕ И СВЕДЕНИЯ ОБ ОТВЕТСТВЕННОСТИ
Основное заглавие МЗМ
Сведения, относящиеся к заглавию Производственно-техн. журн. Машиностроительного завода им. Молотова
-- Орган Заводоуправления, Горкома ВКП(б), Завкома и ИТС
Первые сведения об ответственности Редколлегия
207 #1 - ОБЛАСТЬ СПЕЦИФИЧЕСКИХ СВЕДЕНИЙ: НУМЕРАЦИЯ ПРОДОЛЖАЮЩИХСЯ РЕСУРСОВ
Нумерация: даты и обозначения томов Г.1-6
210 ## - ПУБЛИКАЦИЯ, РАСПРОСТРАНЕНИЕ И ДР.
Место издания, распространения и т.д. Молотово
Дата издания, распространения и т.д. 1931-1937
430 #1 - ПРОДОЛЖЕН
Встроенное поле 2001#$aММЗ
Заглавие ММЗ
440 #1 - ПРОДОЛЖАЕТСЯ ПОД ...
Встроенное поле 001rc\2945348
-- 2001#$aПроизводственно-технический журнал Завода № 172 имени Молотова
Системный номер (АБИС) связанной записи 6599811
Автор Пермский машиностроительный завод им. В. И. Ленина
Место публикации Молотово
Дата публикации 1937
Первые сведения об ответственности Редкол. Отв. ред. Ананьев, С.Л.
Имя издателя, распространителя и т.д. Б. и.
Сведения, относящиеся к заглавию Орган Заводоупр. и Бюро ИТС
Заглавие Производственно-технический журнал Завода № 172 им. Молотова
711 02 - НАИМЕНОВАНИЕ ОРГАНИЗАЦИИ - АЛЬТЕРНАТИВНАЯ ОТВЕТСТВЕННОСТЬ
Начальный элемент ввода Пермский машиностроительный завод им. В. И. Ленина
Системный номер авторитетной/нормативной записи 401109
Идентификатор авторитетной/нормативной записи RU\NLR\AUTH\889952552
801 #1 - ИСТОЧНИК ЗАПИСИ
Страна Российская Федерация
Организация InfoComm
Дата составления 20040427
801 #0 - ИСТОЧНИК ЗАПИСИ
Страна Российская Федерация
Организация NLR
Правила каталогизации PSBO
852 ## - МЕСТОНАХОЖДЕНИЕ И ШИФР ХРАНЕНИЯ
Идентификатор организации NLR
Шифр хранения (Call Number) П11/141
942 ## - ДОПОЛНИТЕЛЬНЫЕ ЭЛЕМЕНТЫ ЗАПИСИ (АБИС)
Тип экземпляра АБИС Журнал
980 ## - КОЛЛЕКЦИЯ
Название коллекции Русская периодика

Нет доступных экземпляров.